000 00427nam a22001697a 4500
005 20160513112123.0
008 160513b xxu||||| |||| 00| 0 eng d
020 _a0-7069-9905-3
041 _aeng
082 _b1863
100 _aR.S. Davar
_9551
245 _aPersonnal Mgt & Industrial Relations
260 _aNew Delhi
_bVikas Publishing house Pvt. Ltd.
_c2004
300 _a421
650 _aManagement
_9241
942 _cBK
999 _c718
_d718